| Tag |
First Indicator |
Second Indicator |
Subfields |
| LEADER |
00000cam a2200000Ka 4500 |
| 001 |
in00004031925 |
| 006 |
m o d |
| 007 |
cr bn||||||abp |
| 007 |
cr bn||||||ada |
| 008 |
100407s1996 mx a ob 000 0 spa d |
| 005 |
20260612161210.2 |
| 019 |
|
|
|a 607728293
|
| 020 |
|
|
|a 9789681206321
|q (electronic bk.)
|
| 020 |
|
|
|a 9681206320
|q (electronic bk.)
|
| 035 |
|
|
|a (OCoLC)605022646
|z (OCoLC)607728293
|
| 037 |
|
|
|a 22573/ctv47b1sz
|b JSTOR
|
| 040 |
|
|
|a OCLCE
|b eng
|e pn
|c OCLCE
|d OCLCQ
|d OCLCO
|d OCLCQ
|d OCLCF
|d OCLCO
|d OCLCQ
|d JSTOR
|d UtOrBLW
|
| 042 |
|
|
|a dlr
|
| 043 |
|
|
|a cl-----
|
| 049 |
|
|
|a TXAM
|
| 050 |
|
4 |
|a HQ560.5
|b .A2 1996
|
| 072 |
|
7 |
|a FAM
|x 000000
|2 bisacsh
|
| 072 |
|
7 |
|a HIS
|x 024000
|2 bisacsh
|
| 082 |
0 |
4 |
|a 306.85/098
|2 21
|
| 245 |
0 |
0 |
|a Familia y vida privada en la historia de Iberoamérica :
|b seminario de historia de la familia /
|c Pilar Gonzalbo Aizpuru, Cecilia Rabel Romero, coordinadoras.
|
| 250 |
|
|
|a 1. ed.
|
| 264 |
|
1 |
|a México, D.F. :
|b El Colegio de México, Universidad Nacional Autónoma de México,
|c 1996.
|
| 300 |
|
|
|a 1 online resource (550 pages) :
|b illustrations (some color)
|
| 336 |
|
|
|a text
|b txt
|2 rdacontent
|
| 337 |
|
|
|a computer
|b c
|2 rdamedia
|
| 338 |
|
|
|a online resource
|b cr
|2 rdacarrier
|
| 504 |
|
|
|a Includes bibliographical references.
|
| 520 |
1 |
|
|a "Collection of 22 well-researched studies covers early colonial era into early-20th century. Many are based on archival research; all are thoroughly footnoted. A 43-page index enhances volume's value. Approximately half of the studies deal with Mexico"--Handbook of Latin American Studies, v. 58.
|u http://www.loc.gov/hlas
|
| 538 |
|
|
|a Master and use copy. Digital master created according to Benchmark for Faithful Digital Reproductions of Monographs and Serials, Version 1. Digital Library Federation, December 2002.
|u http://purl.oclc.org/DLF/benchrepro0212
|5 MiAaHDL
|
| 583 |
1 |
|
|a digitized
|c 2010
|h HathiTrust Digital Library
|l committed to preserve
|2 pda
|5 MiAaHDL
|
| 588 |
0 |
|
|a Print version record.
|
| 500 |
|
|
|a Electronic resource.
|
| 650 |
|
0 |
|a Families
|z Latin America
|x History.
|
| 650 |
|
7 |
|a Families.
|2 fast
|0 (OCoLC)fst01728849
|
| 651 |
|
7 |
|a Latin America.
|2 fast
|0 (OCoLC)fst01245945
|
| 650 |
|
7 |
|a FAMILY & RELATIONSHIPS / General.
|2 bisacsh
|
| 653 |
|
|
|a Familia
|a América Latina
|a Historia.
|
| 655 |
|
7 |
|a Electronic books.
|2 local
|
| 655 |
|
7 |
|a History.
|2 fast
|0 (OCoLC)fst01411628
|
| 700 |
1 |
|
|a Gonzalbo, Pilar,
|d 1935-
|0 http://id.loc.gov/authorities/names/n85266006
|
| 700 |
1 |
|
|a Rabell, Cecilia Andrea.
|0 http://id.loc.gov/authorities/names/n84036867
|
| 710 |
2 |
|
|a JSTOR (Organization)
|0 http://id.loc.gov/authorities/names/no97001983
|
| 776 |
0 |
8 |
|i Print version:
|t Familia y vida privada en la historia de Iberoamérica.
|b 1. ed.
|d México, D.F. : El Colegio de México, Universidad Nacional Autónoma de México, 1996
|w (DLC) 97121334
|w (OCoLC)36776572
|
| 856 |
4 |
0 |
|u http://proxy.library.tamu.edu/login?url=https://www.jstor.org/stable/10.2307/j.ctv47wf2t
|z Connect to the full text of this electronic book
|t 0
|
| 999 |
f |
f |
|s 9a126f6c-a1da-3851-9c9b-052397895ae9
|i a3aea2fd-f540-3f8c-91b7-5a62bc812652
|t 0
|
| 952 |
f |
f |
|a Texas A&M University
|b College Station
|c Electronic Resources
|s www_evans
|d Available Online
|t 0
|e HQ560.5 .A2 1996
|h Library of Congress classification
|
| 998 |
f |
f |
|a HQ560.5 .A2 1996
|t 0
|l Available Online
|